Films en images - U, X, Y, Z - Statistiques

Statistiques générales
  • Ce quiz a été pris 215 fois
  • Le résultat moyen est 5 sur 12
Statistiques - réponses
Par images Réponse % Correct
X-Men
92%
Usual Suspects
70%
Yves Saint-Laurent
68%
Zodiac
45%
Yannick
44%
Zoolander
35%
Y a-t-il un pilote dans l'avion ?
33%
La Zone d'intérêt
23%
Uglies
20%
Une zone à défendre
8%
Unstoppable
6%
Le Zèbre
5%
Aucun quiz correspondant
Distribution des résultats
% des personnes avec chaque résultat
Percentile par nombre de réponses
Votre historique - résultats
Vous n’avez pas pris ce quiz